00257nam a2200109Ia 4500008004100000100002100041245003100062260000900093650002100102942000700123999001700130190216s9999||||xx |||||||||||||| ||und|| aN D V Prasad Rao 2aA Practical English Course bNull aEnglish Language cBK c12190d12190